U.S. agriculture and the balance of payments, 1960-67 (Record no. 12519)

MARC details
000 -LEADER
fixed length control field 01083cam a2200277 4500
001 - CONTROL NUMBER
control field agr68000216
003 - CONTROL NUMBER IDENTIFIER
control field DLC
005 - DATE AND TIME OF LATEST TRANSACTION
control field 20260227111030.0
008 - FIXED-LENGTH DATA ELEMENTS--GENERAL INFORMATION
fixed length control field 690820s1968 dcua b 000 0 eng c
010 ## - LIBRARY OF CONGRESS CONTROL NUMBER
LC control number agr68000216
040 ## - CATALOGING SOURCE
Original cataloging agency U.S. Nat'l Agr. Libr.
Transcribing agency DLC
Modifying agency DLC
050 00 - LIBRARY OF CONGRESS CALL NUMBER
Classification number HD1765 1968
Item number .K78
070 0# - NATIONAL AGRICULTURAL LIBRARY CALL NUMBER
Classification number A281.9 Ag83 no. 224
082 00 - DEWEY DECIMAL CLASSIFICATION NUMBER
Classification number 382/.41/0973
100 1# - MAIN ENTRY--PERSONAL NAME
Personal name Kruer, George R.
245 10 - TITLE STATEMENT
Title U.S. agriculture and the balance of payments, 1960-67
Statement of responsibility, etc. [by George R. Kruer.
260 ## - PUBLICATION, DISTRIBUTION, ETC.
Place of publication, distribution, etc. Washington]
Name of publisher, distributor, etc. Economic Research Service, U.S. Dept. of Agriculture
Date of publication, distribution, etc. [1968]
300 ## - PHYSICAL DESCRIPTION
Extent 15 p.
Other physical details illus.
Dimensions 26 cm.
490 1# - SERIES STATEMENT
Series statement [United States. Dept. of Agriculture. Economic Research Service] ERS-foreign
Volume/sequential designation 224
504 ## - BIBLIOGRAPHY, ETC. NOTE
Bibliography, etc. note Bibliographical footnotes.
650 #0 - SUBJECT ADDED ENTRY--TOPICAL TERM
Topical term or geographic name entry element Agriculture
General subdivision Economic aspects
Geographic subdivision United States.
650 #0 - SUBJECT ADDED ENTRY--TOPICAL TERM
Topical term or geographic name entry element Balance of payments
Geographic subdivision United States.
650 #3 - SUBJECT ADDED ENTRY--TOPICAL TERM
Topical term or geographic name entry element Agriculture
General subdivision Economic aspects
Geographic subdivision United States.
650 #3 - SUBJECT ADDED ENTRY--TOPICAL TERM
Topical term or geographic name entry element Balance of payments
Geographic subdivision United States.
810 10 - SERIES ADDED ENTRY--CORPORATE NAME
Corporate name or jurisdiction name as entry element [United States.
Subordinate unit Department of Agriculture.
-- Economic Research Service]
Title of a work ERS-foreign
Volume/sequential designation 224.

No items available.

Powered by Koha